| 000 | 01108nam a22003014c 4500 | ||
|---|---|---|---|
| 003 | AR-BaSMT | ||
| 008 | 240627t2021 enka|||ar|||| 000 1 ing d | ||
| 020 | _a9781474983785 | ||
| 040 |
_aBSGB _bespañol _erda |
||
| 041 | 0 |
_aing _hInglés |
|
| 080 | _a82-34 | ||
| 100 | 1 |
_aMackinnon, Mairi _9450 |
|
| 245 | 1 | 4 | _aThe Magic Porridge Pot |
| 264 |
_aLondres : _bUsborne, _c2021 |
||
| 300 |
_a24 páginas ; _bilustraciones color |
||
| 336 |
_2rdacontent _atexto _btxt |
||
| 337 |
_2rdamedia _asin mediación _bn |
||
| 338 |
_2rdacarrier _avolumen _bnc |
||
| 490 | _aUsborne English Readers Starter Level | ||
| 500 | _aWith activities and free audio | ||
| 520 | _aKind Katie shares her bread and cheese with an old woman on her way through the forest. The woman thanks her with the gift of a magic porridge pot - but it's important to give the pot the right instructions, or the porridge will get out of hand... | ||
| 521 | _aPrimaria | ||
| 650 | 7 |
_98 _aLITERATURA INFANTIL _vInglés |
|
| 650 | 7 |
_923 _aCUENTO |
|
| 700 | 1 |
_aGuadalupi, Marco _eIlustrador _9491 |
|
| 942 |
_2ddc _aBOOK |
||
| 999 |
_c655 _d655 |
||